Catálogo
 En Linea

The handbook of clinical psychology : (Registro nro. 35811)

Detalles MARC
000 -CABECERA
campo de control de longitud fija 00545nam a2200157 a 4500
001 - NÚMERO DE CONTROL
campo de control 000036320
005 - FECHA Y HORA DE LA ÚLTIMA TRANSACCIÓN
campo de control 20200930075651.0
008 - DATOS DE LONGITUD FIJA--INFORMACIÓN GENERAL
campo de control de longitud fija 120113s1983 xxu 000 0 spa d
040 ## - FUENTE DE LA CATALOGACIÓN
Centro catalogador/agencia de origen DO-SdBNP
Lengua de catalogación spa
Centro/agencia transcriptor BNPHU
082 ## - NÚMERO DE LA CLASIFICACIÓN DECIMAL DEWEY
Número de clasificación xxxx
Número de documento/Ítem H236
245 00 - MENCIÓN DE TÍTULO
Título The handbook of clinical psychology :
Resto del título theory, research, and practique /
Mención de responsabilidad, etc. edited by C. Eugene Walker.
260 ## - PUBLICACIÓN, DISTRIBUCIÓN, ETC.
Lugar de publicación, distribución, etc. Homewood, :
Nombre del editor, distribuidor, etc. Dorsey Professional Series,
Fecha de publicación, distribución, etc. 1983.
300 ## - DESCRIPCIÓN FÍSICA
Extensión 2 v. ;
Dimensiones 23 cm.
500 ## - NOTA GENERAL
Nota general Incluye referencias bibliográficas e índice
700 12 - PUNTO DE ACCESO ADICIONAL--NOMBRE DE PERSONA
Nombre de persona Walker, C. Eugene,
Término indicativo de función/relación ed.
9 (RLIN) 62477
Existencias
Estado de retiro Estado de pérdida Restricciones de uso No para préstamo Código de colección Localización permanente Ubicación/localización actual Ubicación en estantería Fecha de adquisición Número de inventario Total de préstamos Signatura topográfica completa Código de barras Fecha visto por última vez Precio válido a partir de Tipo de ítem Koha
      Excluido de préstamo Monografías: Libros y Folletos General General En catalogación 13.01.2012 LF1   v. 1 36321-10 25.06.2020 25.06.2020 No se presta
      Excluido de préstamo Monografías: Libros y Folletos General General Depósito 13.01.2012 LF1   v. 2 36321-20 25.06.2020 25.06.2020 No se presta

Con tecnología Koha